000
00255nam a2200121Ia 4500
100
_a
Robines Judd
942
_c
BK
654
_a
Dos 6.0 & 6.2
245
_a
Mastering Dos 6.0 & 6.2
260
_b
BPB
_a
New Delhi
_c
1994
546
_a
ENGLISH
999
_c
33843
_d
33843